| 000 | 00418nam a2200193Ia 4500 | ||
|---|---|---|---|
| 008 | 210210b1950 xxu||||| |||| 00| 0 eng d | ||
| 041 | _aeng | ||
| 082 | _a954/224 | ||
| 100 | _aMcDONALD (D) | ||
| 245 | _aSurgeons Twoe and a barbar | ||
| 260 |
_aLondon _b- _c1950 |
||
| 650 | _aTwoe | ||
| 650 | _aSurgeons | ||
| 650 | _abarbar | ||
| 650 | _aand | ||
| 650 | _aa | ||
| 690 | _aIndian History | ||
| 906 | _a025981 | ||
| 999 |
_c151906 _d151906 |
||